[Event "EU-chT (Men) 14th"]
[Site "Plovdiv"]
[Date "2003.10.15"]
[Round "5.4"]
[White "Sepp, Olav"]
[Black "Gagunashvili, Merab"]
[Result "1/2-1/2"]
[WhiteElo "2429"]
[BlackElo "2582"]
[Annotator "Erenburg,S"]
[PlyCount "86"]
[EventDate "2003.10.10"]
[EventType "team-swiss"]
[EventRounds "9"]
[EventCountry "BUL"]
[SourceTitle "CBM 098"]
[Source "ChessBase"]
[SourceDate "2004.02.03"]
[SourceVersion "1"]
[SourceVersionDate "2004.02.03"]
[SourceQuality "1"]
[WhiteTeam "Estonia"]
[BlackTeam "Georgia"]
[WhiteTeamCountry "EST"]
[BlackTeamCountry "GEO"]

1. e4 d6 2. d4 Nf6 3. Nc3 g6 4. g3 Bg7 5. Bg2 O-O 6. Nge2 Na6 {preparing
typical c7-c5 or e7-e5. Other theoretical possibilities are:} (6... e5 {
1/2-1/2 Alekseev,E-Ivanchuk,V/Skanderborg 2003/CBM 98/[Erenburg] (36)}) (6...
Nbd7 {1/2-1/2 Gurevich,D-Gulko,B/Buenos Aires 2003/CBM 97_01/[Erenburg] (63)})
(6... c5 7. dxc5 dxc5 8. Qxd8 Rxd8 9. Be3 Na6 10. h3 Ne8 11. Nd5 Kf8 12. O-O-O
Bd7 13. Bg5 f6 14. Bd2 Bc6 15. Nef4 Kf7 16. Rhe1 e6 17. Nc3 Nd6 $10 {Abdelnabi,
I-Speelman,J,Luzern tt 1989-CBM 16}) ({Less popular is} 6... c6 {See 1-0
Bologan,V-Narciso Dublan,M/Pamplona 2002/CBM 87/[Gofshtein,L] (80)}) 7. O-O (7.
h3 {0-1 Pavasovic,D-Azmaiparashvili,Z/Istanbul 2003/CBM96_01/[Erenburg] (51)})
(7. Bf4 $5 {1-0 Hort,V-Gallagher,J/Biel 1991/CBM 25/[Stohl] (54)}) 7... c5 (
7... e5 {is also possible.} 8. h3 Re8 9. Be3 exd4 10. Bxd4 Bd7 11. g4 Nb4 12.
g5 Nh5 13. Bxg7 Nxg7 14. h4 Bg4 $11 {1-0 Kavalek,L-Ftacnik,L/Ceska Trebova
1997/EXT 98 (43)}) 8. h3 ({White gets nothing after} 8. e5 Ne8 9. dxc5 Nxc5 10.
exd6 Nxd6 11. Nd4 Bd7 $11 {1/2-1/2 Genba,V-Chernin,A/Biel 1997/CBM 60 ext (39)}
) 8... cxd4 9. Nxd4 Nc5 {more typical, than original} (9... Nc7 {with idea of
breakthrough d6-d5, which was realized in the game Pavasovic,D-Azmaiparashvili,
Z/Istanbul 2003/CBM97_01[Erenburg] (51)}) (9... Bd7 10. Nb3 Rc8 11. Be3 b6 12.
Qe2 Nc5 $11 {1/2-1/2 Cabrilo,G-Djuric,S/Niksic 1996/EXT 2000 (22)}) 10. Be3 Bd7
11. Qd2 {White tried also} (11. Kh2 {0-1 Moldovan,D-Itkis,B/Bucharest 1997/CBM
60/[Har Zvi] (41)}) (11. a4 Rc8 12. Re1 b6 13. Ra3 Qc7 14. Bg5 $14 {1/2-1/2
Zakharevich,I-Sakaev,K/St Petersburg 1996/CBM 52 (22)}) 11... Rc8 12. Rfe1 a6
$146 {New move. In the previous game black continued} (12... b6 13. Bg5 Ne6 14.
Nxe6 Bxe6 15. Nd5 Bxd5 16. exd5 $14 {1-0 Cioara,A-Itkis,B/Eforie Nord 1998/EXT
2000 (49)}) 13. a4 {preventing from black b7-b5.} (13. g4 $5 b5 14. a3 (14. g5
b4) 14... e5 15. Nde2 Bc6 16. Ng3 $14) 13... e5 $6 {In my opinion, black
doesn't get sufficient compensation for weakening his d6 pawn.} ({Deserved
attention:} 13... a5 $5) 14. Nde2 Bc6 15. f3 ({Nothing gives} 15. Bg5 Ne6)
15... Qd7 16. b3 $6 {White missed the possibility to fix black's pawns on the
queenside:} (16. a5 $1 $16 {[%cal Gb2b4,Ya1d1]}) 16... b6 {After a previous
white's unsuccessful move, it's not so clear if white has any advantage...} (
16... Ne6 {preparing the breakthrough d6-d5.} 17. Red1 Rfd8 18. Nd5 $14 {/=})
17. a5 ({White gets nothing after} 17. Red1 Rfd8 18. b4 Nxa4 19. Nxa4 Bxa4 20.
Nc3 b5 21. Nxa4 (21. Bb6 Re8) 21... bxa4 22. Bb6 Re8 23. Qxd6 Qxd6 24. Rxd6 Bf8
$1 $11 25. Rxf6 $2 Kg7 26. Bd8 Rexd8 27. Rxa6 $11 Rxc2 $17) 17... b5 18. Rad1 (
18. b4 Ne6 19. Rad1 Rfd8 {-the game.}) 18... Rfd8 19. b4 Ne6 20. Nd5 $6 {
As white doesn't succeed to occupy the d5 square by the piece, I wouldn't
recommend to play this move.} ({In my opinion, white shouldn't hurry with
occupation of d5 square, as it allows black to change one of his pieces, while
he suffers from lack of space. Probably better was} 20. Bb6 Nc7 21. f4 $14)
20... Bxd5 21. exd5 {Now black hasn't weakness on d6.} Nf8 {It is important
not to close the "c" file for a rook.} (21... Nc7 $6 22. f4 $14 e4 $2 23. Nc3
Re8 24. Bd4 $16) 22. g4 {White prepared the g3 square for a knight.} (22. f4
exf4 23. Nxf4 Rc4 $11) 22... Rc4 23. c3 Rdc8 $11 {Black's position isn't worse,
as his pieces are located quite active. White's pair of bishops don't promise
white an advantage, since the position is quite closed.} 24. Rc1 Qb7 25. Red1
N8d7 26. Bf1 Qc7 {preventing Ng3.} 27. Kh2 Ne8 28. Ng3 $2 {White should adopt
a waiting strategy} (28. Re1 $11) 28... Rxc3 29. Bb6 $1 Rxc1 $2 {Black missed
much more attractive opportunity:} (29... Rc2 $1 30. Bxc7 Rxd2+ 31. Rxd2 Bh6 $1
$17 32. Rc6 $6 Bxd2 33. Bxd6 Nxd6 34. Ne4 Bxb4 35. Nxd6 Ra8 $19) 30. Bxc7 R1xc7
31. Bd3 {covering the c2 square.} Nef6 32. Bb1 ({Safer was} 32. Ne4 $11) 32...
Rc4 33. g5 $1 {Strong move, which promises white a draw. Worse is} (33. Ne2 $6
e4 $1 34. f4 (34. g5 exf3) (34. fxe4 Nxe4 35. Qe3 Nc3 $15) 34... Re8 $15) 33...
Rd4 ({Comes to consideration:} 33... Ne8 34. Ne2 f6) 34. Qe2 $1 $11 {The only
move. White gets a draw by force. Other continuations don't prevent from black
an obvious advantage:} (34. Bd3 e4 $1 (34... Nxd5 $2 35. Ne2 Rh4 36. Be4) (
34... Ne8 $2 35. Ne2 Rxd5 36. Qe3 $1 $16 {[%cal Ge3a7]}) 35. fxe4 Ne5 36. Qe2
Nfd7 $17) (34. Qe1 Nxd5 35. Ne2 Rxd1 36. Qxd1 Nxb4 37. Qxd6 Nc5 $17) 34... Nxd5
35. Rxd4 exd4 36. Qe4 Nxb4 37. Qb7 Rc1 38. Qxd7 Rxb1 39. Qd8+ Bf8 40. Ne4 Re1 {
Black isn't able to prevent from white a perpetual check.} 41. Nf6+ ({White
cannot play on win:} 41. Nxd6 Nc6 $17) 41... Kg7 42. Ne8+ Kg8 43. Nf6+ Kg7
1/2-1/2

[Event "EU-chT (Men) 14th"]
[Site "Plovdiv"]
[Date "2003.10.20"]
[Round "9.4"]
[White "Gagunashvili, Merab"]
[Black "Socko, Bartosz"]
[Result "1-0"]
[WhiteElo "2582"]
[BlackElo "2547"]
[Annotator "Erenburg,S"]
[PlyCount "115"]
[EventDate "2003.10.10"]
[EventType "team-swiss"]
[EventRounds "9"]
[EventCountry "BUL"]
[SourceTitle "CBM 098"]
[Source "ChessBase"]
[SourceDate "2004.02.03"]
[SourceVersion "1"]
[SourceVersionDate "2004.02.03"]
[SourceQuality "1"]
[WhiteTeam "Georgia"]
[BlackTeam "Poland"]
[WhiteTeamCountry "GEO"]
[BlackTeamCountry "POL"]

{[%mdl 36]} 1. d4 Nf6 2. g3 g6 3. Bg2 Bg7 4. e4 d6 5. Nc3 O-O 6. Nge2 e5 {
Black has the following options:} (6... Na6 {0-1 Pavasovic,D-Azmaiparashvili,Z/
Istanbul 2003/CBM96_01/[Erenburg] (51)}) (6... Nbd7 7. O-O c5 8. d5 Ne8 9. a4
a6 10. Be3 Rb8 11. Qd2 (11. a5 $142 $5 $14) 11... Ne5 12. b3 b5 13. Rae1 Bd7
14. axb5 axb5 15. Kh1 b4 16. Nd1 Ng4 17. Bf4 e5 18. dxe6 fxe6 19. f3 Ne5 20.
Bh6 Bb5 $15 {Timoshenko,G-Minasian,A,URS-chJ Kherson 1991-EXP 21}) 7. O-O Nc6 {
There are other continuations as well:} (7... exd4 {1/2-1/2 Ovetchkin,
R-Nalbandian,T/Moscow 1999/CBM 70/[Tsesarsky] (45)}) (7... Na6 {1-0 Karpov,
A-Timman,J/Montreal 1979/MCL/[ChessBase] (38)}) 8. dxe5 {In my opinion, the
most promising continuation. Whereas the position is almost symmetrical, but
white has some pressure on the queenside. So, I think, black has to work hard
to get an equality in this line.} (8. h3 {1/2-1/2 Gadjily,R-Fridman,D/Pula
1997/CBM 57 ext/[Yudasin,L] (26)}) (8. d5 Ne7 $13) 8... dxe5 {There is a
possibility to take on e5 by the knight:} (8... Nxe5 9. h3 Re8 10. Nf4 c6 11.
a4 Qc7 12. Re1 Nfd7 13. Nfe2 a5 14. Rb1 Nc5 $11 {1/2-1/2 Godena,M-Galdunts,S/
National I, Besancon FRA 2003 (27)}) 9. Bg5 Qxd1 {Black tried also:} (9... Bg4
{1-0 Kharitonov,A-Iskusnyh,S/Kazan 1995/CBM 51/[Hecht] (80)}) (9... Nd4 10.
Nxd4 exd4 11. Nd5 Be6 12. Nf4 h6 13. Nxe6 fxe6 14. Bd2 e5 15. c3 $14 {1-0
Kacheishvili,G-Vulicevic,N/New York 1998/EXT 99 (31)}) (9... Be6 {1-0 Vokarev,
S-Avrukh,B/Moscow 2002/CBM 88/[Gofshtein,L] (38)}) 10. Rfxd1 Ne8 {It seems
like other options don't promise black an equality as well:} (10... Nb4 11. a3
Na6 12. Nd5 Nxd5 13. exd5 Bd7 14. Be3 f5 15. c4 e4 16. Nd4 Rfe8 17. b4 $14 {
1-0 Kacheishvili,G-Schmaltz,R/Connecticut 2002/CBM 87 ext (50)}) (10... h6 11.
Be3 b6 12. Nd5 Ne8 13. Rd2 Kh7 14. Rad1 $16 {1-0 Dorfman,J-Weindl,A/Cannes
1992/TD (28)}) 11. Nd5 f6 12. Be3 Rf7 13. a4 $146 {The idea of this novelty is
to get a space advantage on the queenside, that will help white to develop an
initiative on that flank. In the preciding game white continued} (13. c4 Bf8
14. c5 Bg4 15. f3 Be6 16. a3 Rd8 17. b4 Rfd7 18. f4 $14 {1-0 Bancod,R-Sarno,S/
Marostica 1995/EXT 99 (38)}) 13... Be6 14. a5 a6 {This move weakens the c5
square, that white can occupy with the knight. Black could play} (14... Rd8 $5
{, as a5-a6 is not so dangerous yet. For instance:} 15. a6 $141 b6 16. Rd3 Nd6
17. Rad1 Bf8 {with playable position.}) 15. Nc1 $1 {[%mdl 2048] Very strong
move. The knight is going to be transfered to c5 via d3 or b3.} Rd8 16. Nd3 Nd6
(16... Bg4 17. f3 Bc8 18. Nc5 Nd6 19. b4 $14) 17. Nc5 Bc8 18. b4 Bf8 ({The
attempt to get a counterplay on the kingside doesn't equalize the chances of
the opponents:} 18... f5 19. exf5 Bxf5 20. c3 $14) 19. Bf1 {covering the c4
square.} Bg4 20. Rd3 Re8 21. h3 Bc8 ({Black could change the light-squared
bishops, but, anyway, the position favours white:} 21... Bf3 22. Bg2 (22. c3
Bxe4 23. Nxe4 Nxe4 24. Rad1 f5) 22... Bxg2 23. Kxg2 Nc4 (23... f5 24. exf5 gxf5
25. c3 $14) 24. Nxb7 Nxb4 25. Nxb4 Bxb4 26. Ra4 Nxe3+ 27. Rxe3 Bf8 28. Rd3 $14)
22. f3 f5 23. c3 Kh8 ({Deserved attention:} 23... f4 $1 24. Bf2 (24. gxf4 Nc4
$1 (24... exf4 25. Bxf4 $16) 25. f5 (25. Bf2 exf4 $15) 25... Nxe3 26. fxg6 hxg6
(26... Rxf3 27. Rxe3 Rxe3 28. gxh7+ Kxh7 29. Nxe3 $14) 27. Rxe3 Bxc5 28. bxc5
Rd8 $14) 24... fxg3 25. Bxg3 Nc4 26. Bf2 $14) 24. Rd2 {taking control over c4
square.} h6 {covering the g5 square.} 25. Kg2 Nd8 {transfering the knight to
e6, with possibility of changing it for white's c5 knight.} 26. Re1 {defending
the e4 pawn.} Ne6 27. c4 fxe4 ({Worse is} 27... f4 28. gxf4 exf4 29. Bf2 Ng5
30. Bd4+ Bg7 31. h4 $16) 28. fxe4 Ng5 $2 {Strategical mistake. Black shouldn't
leave white's strong knight on c5.} ({Better was} 28... Nxc5 29. Bxc5 Rd8 30.
Bd3 Be6 31. Red1 $14) 29. Bxg5 hxg5 30. Be2 $16 {Black's dark-squared bishop
is very passive, which determines white's advantage} g4 {Sacrificing this pawn,
black enlivens his dark-squared bishop. But, it doesn't make black's life
easier...} (30... c6 31. Nc3 Rh7 32. g4 $16) (30... Rh7 $2 31. Nf6) 31. hxg4
Bh6 32. Rdd1 Rd8 33. Rf1 $1 Rxf1 (33... Rdf8 34. Rxf7 Rxf7 35. Nxc7 $18) 34.
Rxf1 $2 {throwing away the advantage.} ({It was important not to give up on d2
square:} 34. Kxf1 $1 Nf7 (34... c6 35. Ne7) 35. Ne7 $18) 34... c6 35. Ne7 Be3
$2 {loses very quickly. Black had a draw after} (35... Bd2 $1 36. b5 (36. Nxg6+
Kg7 37. Nxe5 Bxb4 $11) (36. Nd3 Kg7 $1 {[%cal Gd6c4,Gd6e4]} 37. Nxe5 Bxb4 $11)
36... cxb5 37. cxb5 axb5 38. Nxg6+ Kg7 39. Nxe5 Re8 (39... Bxa5 $5 40. Rd1 Bb6
$11) 40. Rd1 Nxe4 $1 (40... Rxe5 41. Rxd2 Nxe4 (41... Rxc5 42. Rxd6 b4) 42.
Nxe4 Rxe4 43. Bxb5 Bxg4 44. Bd7 $16) 41. Nxe4 Bxa5 42. Rd5 Bc7 43. Rc5 Bxe5 44.
Bxb5 b6 $1 $11) 36. Rd1 $18 {White is simply threatening to take on c8. Black
pieces are paralyzed, therefore, he can't avoid material loses.} Bd4 37. Nb3
Kg7 ({Doesn't change anything} 37... Nxe4 38. Nxg6+ Kg7 39. Nxe5 c5 (39... Re8
40. Rxd4 Rxe5 41. Bd3 Ng5 42. Nc5 $18) 40. bxc5 $18) 38. Nxd4 exd4 39. Rxd4 Be6
40. Nxc6 {White sacrifices the knight in order to eliminate black's "a" pawn.
In this way, white's getting strong passed "a" pawn.} (40. e5 {wins as well:}
Nf7 41. Rxd8 Nxd8 42. Bd3 $18) 40... bxc6 41. c5 Nf7 42. Rxd8 Nxd8 43. Bxa6 Kf6
(43... Bxg4 {doesn't help black at all:} 44. Bb7 Be2 45. a6 Bxa6 46. Bxa6 Kf6
47. b5 $18) 44. Bb7 $1 Bc4 45. a6 Bxa6 46. Bxa6 {Currently, white is three
pawns up, so the rest is an easy job for white.} Ke5 47. Kf3 Kd4 48. g5 Ne6 49.
Kg4 Kxe4 50. Bb7 Kd5 (50... Nd8 51. b5 Kd4 52. Bxc6 Nf7 53. Kf4 Kxc5 54. Be8
$18) 51. b5 Kxc5 52. Bxc6 Ng7 (52... Nc7 53. Be4 Nxb5 54. Bxg6 Kd6 55. Kh5 Ke7
56. Kh6 Kf8 57. Bb1 $18) 53. Kf4 Kd6 54. Be4 Ne6+ 55. Kg4 Kc5 (55... Nf8 56.
Bxg6 Nxg6 57. Kf5 Ne7+ 58. Kf6 $18) (55... Nd4 56. b6) 56. Bxg6 Kxb5 57. Bf7
Ng7 58. Kf4 {White won this game in very impressive style. This win brought to
Georgian team the bronze medals!} 1-0

[Event "Bundesliga 0203"]
[Site "Germany"]
[Date "2003.02.08"]
[Round "10.3"]
[White "Kindermann, Stefan"]
[Black "Berelowitsch, Alexander"]
[Result "1-0"]
[WhiteElo "2519"]
[BlackElo "2541"]
[Annotator "Erenburg,S"]
[PlyCount "61"]
[EventDate "2002.10.19"]
[EventType "team-tourn"]
[EventRounds "15"]
[EventCountry "GER"]
[SourceTitle "CBM 094"]
[Source "ChessBase"]
[SourceDate "2003.05.26"]
[SourceVersion "1"]
[SourceVersionDate "2003.05.26"]
[SourceQuality "1"]
[WhiteTeam "Plauen"]
[BlackTeam "Emsdetten Turm"]
[WhiteTeamCountry "GER"]
[BlackTeamCountry "GER"]

1. e4 g6 2. d4 Bg7 3. Nf3 d6 4. c3 Nf6 5. Bd3 O-O 6. O-O Nc6 7. h3 e5 8. Re1
Re8 {Black has other options:} (8... h6 9. Na3 Bd7 10. dxe5 dxe5 11. Nc4 Nh5
12. Bf1 a5 13. b3 Re8 14. Ne3 Qc8 15. Nd5 $14 {1/2-1/2 Anand,V-Tkachiev,V/
Moscow 2001/CBM 86 (71)}) (8... a6 9. Be3 h6 10. Na3 Re8 11. Qd2 $6 exd4 12.
cxd4 Nxe4 13. Bxe4 Rxe4 14. Bxh6 d5 $1 15. Bxg7 Kxg7 16. Nc2 Qf6 17. Qg5 Bf5
18. Qxf6+ Kxf6 19. Ne3 Be6 20. Rad1 $10 {Kuporosov,V-Ehlvest,J,Helsinki op
1992-CBM 32}) (8... Bd7 9. Be3 Re8 10. Nbd2 h6 11. a3 Nh5 12. b4 Nf4 13. Bxf4
exf4 14. Bc4 Re7 15. Nb3 Qe8 16. Qd3 Nd8 17. Nbd2 Kh8 18. Re2 a6 19. Rae1 $14 {
Kuporosov,V-Sturua,Z,Helsinki op 1992-CBM 32}) 9. d5 {White has tried other
moves:} (9. Nbd2 {See 1/2-1/2 Cao Sang-Ovsejevitsch,S/Budapest 1999/CBM 73/
[Finkel,A] (29)}) (9. dxe5 dxe5 10. Na3 Qe7 11. Nc4 Rd8 12. Qc2 Nh5 13. Bg5 Bf6
14. Bh6 Nf4 15. Bf1 Bg7 16. Bg5 f6 17. Bh4 Be6 18. Nfd2 Bh6 19. Red1 $10 {
Davies,N-Gavrikov,V,Budapest Texta 1988-CBM 09}) (9. a3 h6 10. Bc2 Nh5 11. b4
Qf6 12. d5 Ne7 13. c4 Nf4 14. Nc3 a6 $132 {Karlsson,L-Jansa,V/Oslo 1988}) (9.
Na3 h6 10. Nc2 Bd7 11. Bd2 a5 12. b3 Nh5 13. Qc1 g5 14. Bf1 Qf6 15. dxe5 dxe5
16. Ne3 Nf4 17. Nd5 $14 {Rublevsky,S-Krasenkow,M/Rubinstein mem 1996}) 9... Ne7
10. c4 Nh5 (10... c5 {See commented game Fedorov,A-Negulescu,A 1-0/Eforie Nord
2000/CBM 81/[Finkel,A] (51)}) 11. Nc3 h6 12. b4 {In according to my database,
this position appeared for the first time.} ({White has tried} 12. Bd2 Rf8 13.
Rc1 Nf4 14. Bxf4 exf4 15. e5 $14 {1-0 Rytshagov,M-Gurieli,N/Pula 1997/EXT 2000
(41)}) 12... a5 13. bxa5 Rxa5 14. Bd2 Ra8 15. Bf1 Rf8 16. a4 f5 ({In my
opinion, better was immediate} 16... Nf4 {with following f7-f5.}) 17. exf5 Nxf5
$8 (17... gxf5 $2 18. Nxe5) 18. Ne4 {[%csl Ge4]} ({White had an interesting
option:} 18. g4 Nd4 19. Nxd4 exd4 20. Nb5 Nf4 21. Re4 Be5 $13 {[%csl Ye5,Gf4]})
18... Nd4 ({After} 18... Nh4 19. Nxh4 (19. Nh2 Nf6 20. Bd3 Nxe4 21. Bxe4 Qf6)
19... Qxh4 {white's chances look like more preferable.}) 19. Nxd4 exd4 20. Ra3
$1 $14 {Adding the rook to the game. White's pawn structure is preferable than
the black's one, his pieces have occupied better positions than the black's
ones. Also the position of black monarch is more vulnerable than the white's
one, these factors promise white an advantage.} Bf5 $2 {Serious mistake that
allows to white to win the pawn in two moves.} (20... Nf6 21. Nxf6+ Rxf6 $14) (
20... Nf4 21. Rf3 $14) ({Deserved attention} 20... Kh7) 21. g4 $1 $16 {White
is going to get the pair of bishops and is going to capture the black central
pawn d4.} Bxe4 22. Rxe4 Qh4 $4 {loses on the spot.} ({More resistant was} 22...
Nf6 {,but after} 23. Rxd4 Nd7 24. Rf4 $16 {White's advantage is quite big.})
23. f4 $1 $18 Ng3 (23... Nf6 24. Be1 $18) 24. Be1 Nxe4 25. Bxh4 {White has got
the material advantage without any compensation for black, so the rest is a
matter of easy technique.} Rxf4 26. Rf3 Nc3 27. Qd3 Rxf3 28. Qxf3 Nxa4 29. Bf2
Nc5 30. Qd1 d3 31. Bxc5 1-0

[Event "Bundesliga 0203"]
[Site "Germany"]
[Date "2002.12.15"]
[Round "6.8"]
[White "Heissler, Jakob"]
[Black "Schneider, Bernd"]
[Result "1-0"]
[WhiteElo "2455"]
[BlackElo "2424"]
[Annotator "Erenburg,S"]
[PlyCount "71"]
[EventDate "2002.10.19"]
[EventType "team-tourn"]
[EventRounds "15"]
[EventCountry "GER"]
[SourceTitle "CBM 093"]
[Source "ChessBase"]
[SourceDate "2003.04.01"]
[SourceVersion "1"]
[SourceVersionDate "2003.04.01"]
[SourceQuality "1"]
[WhiteTeam "Werder Bremen"]
[BlackTeam "Solingen"]
[WhiteTeamCountry "GER"]
[BlackTeamCountry "GER"]

1. e4 g6 2. d4 Bg7 3. Nf3 d6 4. c3 Nf6 5. Nbd2 O-O 6. Be2 Nbd7 ({The main line
goes with} 6... Nc6) 7. O-O e5 8. Re1 Re8 9. Bf1 b6 10. a4 Bb7 11. d5 $146 ({
White has tried} 11. Qc2 $6 Qe7 $6 (11... d5 $11 {deserved attention.}) 12. d5
$1 a5 13. b4 $6 ({Stronger was} 13. Bb5 $14) 13... c6 $11 {1/2-1/2
Kourkounakis,I-Pasman,M/Graz 1978/MCD (27)}) 11... c6 12. Nc4 $5 {White didn't
achieve anything special after following continuations:} (12. dxc6 Bxc6 13. Bb5
Qc7 $11 {[%cal Yd7c5]}) (12. c4 a5 {[%cal Yd7c5]}) 12... Nxe4 $2 {[%mdl 8192]
Black decided to go on long force variation, where, probably, overlooked the
white's 15-th move.} ({Black had to play} 12... Nc5 $1 13. dxc6 Bxc6 14. Qxd6 (
14. Nxd6 Re6 15. Nxf7 Qxd1 16. Rxd1 Kxf7 17. Ng5+ Ke7 18. Nxe6 Kxe6 $15) 14...
Qxd6 15. Nxd6 Re6 16. Nb5 (16. Nxf7 Kxf7 17. Ng5+ Ke7 18. Nxe6 Kxe6 19. f3 $11)
16... Re7 $11) 13. Rxe4 cxd5 14. Nxd6 dxe4 15. Ng5 $1 {[%mdl 128] This key
move should have been seen before black's playing 12...Nxe4.} (15. Nxb7 Qc7 16.
Nd6 exf3 17. Nxe8 Rxe8 18. Qxf3 $11) 15... Nc5 {Black has following options:} (
15... Qc7 16. Bc4 (16. Ngxf7 Re7 17. Bc4 {-16.Bc4.}) 16... Re7 17. Bxf7+ $1 $16
(17. Ngxf7 $2 Kf8 18. Ng5 Nf6 $11 19. Ne6+ $2 Rxe6 20. Bxe6 Rd8 $19)) (15...
Nf6 16. Bc4 $16) 16. Bc4 $1 {[%mdl 128]} Re7 (16... Ne6 17. Ngxf7 Qd7 18. Be3
Re7 19. Ng5 $18) 17. Be3 $6 ({White would get the winning position after} 17.
Ngxf7 $1 Qc7 18. Ng5+ Kh8 19. Ndf7+ $18) 17... Qd7 18. Ndxf7 Qxd1+ 19. Rxd1 Bf6
{After following continuations white succeeds to get decisive advantage.} (
19... Nxa4 20. Nxe5+ Kh8 (20... Kf8 21. Nxh7+ Ke8 22. Bb5+) 21. Nef7+ Rxf7 22.
Nxf7+ $18) (19... Bh8 20. Nd8+ Kg7 21. Bxc5 bxc5 22. Nge6+ Kf6 (22... Kh6 23.
Nxc5 $18) 23. Rd6 $18) ({Comes to consideration} 19... Ba6 20. Bxc5 (20. Ba2 $5
$16) 20... Bxc4 21. Bxe7 Bxf7 22. Nxe4 $16) 20. Nd8+ $1 Kg7 21. Nde6+ $6 ({
White has missed more attractive continuation} 21. Bxc5 $1 bxc5 (21... Rxd8 22.
Rxd8 bxc5 23. Rg8+ Kh6 24. Nf7+ Kh5 25. Be2+ Kh4 26. g3+ Kh3 27. Nh6 {with
inevitable mate from g4 or f1.}) 22. Nge6+ Kh6 23. Nxb7 Rxb7 24. Bd5 Rb6 (24...
Rd7 25. Nxc5 Rdd8 26. Nxe4 $16) 25. Bxa8 Rxe6 26. Bxe4 $16) 21... Nxe6 22.
Nxe6+ Kh8 $13 23. g4 (23. Rd6 $5 {was more accurate.}) 23... Rae8 (23... h5 $5
{was an interesting option.}) 24. Rd6 Bc8 $6 ({Better was} 24... Bh4) 25. Ng5
Kg7 (25... Bxg5 $2 26. Bxg5 Bxg4 27. Bf6+ $1 Rg7 28. Bf7 $1 Rf8 29. Bxe5 $16) (
{Deserved attention} 25... Rf8 26. Nxe4 Bg7) 26. Nxe4 Bh4 27. g5 Rd7 $4 {
[%mdl 8192] A blunder, which allows white to win the exchange by one strike.} (
{After} 27... Rf8 28. Nf6 {, probably, white's chances are preferable, thanks
to more active pieces.}) {[%tqu "En","Please enter the best move for white.",
"","","e4f6","",10]} 28. Nf6 $1 $18 Ree7 (28... Rxd6 29. Nxe8+ $18) 29. Nxd7
Bxd7 30. b3 {White is a pawn up, his pieces occupied a superb position, while
black dark-squared bishop is out of the game. White is going to organize a
passed pawn on the queenside, which will decide the game in white favour. The
rest is a matter of an easy technique for white.} Bh3 31. Bd5 ({Probably
simplier was} 31. Rd8 Be6 32. Bxe6 Rxe6 33. Rd7+ Kg8 34. Rxa7 $18) 31... Bf5
32. b4 Bd7 33. a5 bxa5 34. bxa5 Bb5 35. c4 Ba4 36. Ra6 1-0